000 00292nam a22001337a 4500
008 170721b xxu||||| |||| 00| 0 eng d
020 _a14044503
041 _aeng
080 _a004
100 _a28
101 _aSHKI
245 _aGOBOL LOGIC AND PROGRAMMING
_cMCCAMERON
942 _2udc
_cBK
999 _c21709
_d21709